Psicología educativa: habilidades humanas y aprendizaje
Saved in:
| Main Authors: | , |
|---|---|
| Format: | Bog |
| Sprog: | spansk |
| Udgivet: |
Ciudad de México
Harper and Row Latinoamericana
1983
|
| Fag: | |
| Tags: |
Tilføj Tag
Ingen Tags, Vær først til at tagge denne postø!
|
MARC
| LEADER | 00000nam a2200000 a 4500 | ||
|---|---|---|---|
| 001 | UCW3221 | ||
| 003 | CL-VaPUC | ||
| 008 | 880519e19830000MX |||||||||||||||||spa|d | ||
| 082 | 0 | 4 | |a 370.15 |b KLA |2 21 |
| 100 | |a Klausmeier, Herbert J |e author |9 542271 | ||
| 700 | 0 | |a Goodwin, William |e author |9 307336 | |
| 245 | 1 | 0 | |a Psicología educativa: habilidades humanas y aprendizaje |
| 300 | |a 527 p | ||
| 942 | |c BK | ||
| 945 | |d 19880519 00:00:00 | ||
| 260 | |a Ciudad de México |b Harper and Row Latinoamericana |c 1983 | ||
| 650 | 0 | |a Psicología del aprendizaje |9 306854 | |
| 583 | |a last modification |c 19880519 00:00:00 |k Rodrigo Vera | ||
| 999 | |c 217340 |d 217338 | ||
| 952 | |0 0 |1 0 |4 0 |6 370_150000000000000_KLA_1983 |7 0 |8 P |9 204684 |a BIBEDU |b BIBEDU |c BIBEDU_PB |d 2019-11-15 |i 2724820 |o 370.15 KLA 1983 |p 2724820 |r 2024-01-25 |w 2019-11-15 |y BK |k EDU | ||
| 952 | |0 0 |1 0 |4 0 |6 370_150000000000000_KLA_1983 |7 0 |8 P |9 204685 |a BIBEDU |b BIBEDU |c BIBEDU_PB |d 2019-11-15 |i 1549391 |o 370.15 KLA 1983 |p 1549391 |r 2024-01-25 |w 2019-11-15 |y BK |k EDU | ||
| 952 | |0 0 |1 0 |4 0 |6 370_150000000000000_KLA_1983 |7 0 |8 P |9 204686 |a BIBEDU |b BIBEDU |c BIBEDU_PB |d 2019-11-15 |i 1560514 |o 370.15 KLA 1983 |p 1560514 |r 2024-01-25 |w 2019-11-15 |y BK |k EDU | ||
| 952 | |0 0 |1 0 |4 0 |6 370_150000000000000_KLA_1983 |7 0 |8 P |9 204687 |a BIBEDU |b BIBEDU |c BIBEDU_PB |d 2019-11-15 |h ap |i 1560506 |o 370.15 KLA 1983 |p 1560506 |r 2024-01-25 |w 2019-11-15 |y BK |k EDU | ||